000
00252nam a2200109Ia 4500
008
230907s9999||||xx |||||||||||||| ||und||
082
_a
338.5
_b
PIN
245
0
_a
Microeconomics /
260
_a
Pearson,
_b
Noida :
_c
2018
300
_a
739 p.
942
_c
BK
999
_c
600336
_d
600336